| 000 | 01288nam a22002895a 4500 | ||
|---|---|---|---|
| 003 | OSt | ||
| 005 | 20170405125140.0 | ||
| 008 | 170404s2015 ua frb 000 0 ara d | ||
| 015 | _a2014 / 2645 | ||
| 020 | _a9789770477427 | ||
| 040 |
_aEG-ScBUE _bara _cEG-ScBUE |
||
| 043 | _af-ua--- | ||
| 082 | 0 | 4 |
_a345.62052 _bش هـ ا _222 |
| 100 | 1 | _aشهاوي، عادل. | |
| 245 | 1 | 0 |
_aحقوق المتهم في الإجراءات الجنائية : _bدراسة مقارنة / _cعادل الشهاوي، محمد الشهاوي. |
| 250 | _aط. 1. | ||
| 260 |
_aالقاهرة : _bدار النهضة العربية، _c2015. |
||
| 300 |
_a314 ص. ؛ _c24 سم. |
||
| 504 | _aيشتمل على إرجاعات ببليوجرافية. | ||
| 505 | 0 | _aالنصوص القانونية، الأحكام الإجرائية، الكتب الدورية، المبادئ القضائية، القرارات الوزارية، الآراء الفقهيه، التعليمات العامة للنيابات. | |
| 650 | 7 |
_a الدفاع عن المتهم (إجراءات جنائية) _zمصر. _2BUEsh |
|
| 650 | 7 |
_aقانون الإجراءات الجنائية _zمصر. _2BUEsh _941140 |
|
| 651 | _2BUEsh | ||
| 653 |
_bLLAAWW _cApril2017 |
||
| 700 | 1 | _aشهاوي، محمد. | |
| 942 | _2ddc | ||
| 999 |
_c24611 _d24583 |
||